000 00438nam a2200193Ia 4500
005 20240823034404.0
008 240823s9999||||xx |||||||||||||| ||und||
020 _a978-81-226-0706-2
041 _aMALAYALAM
082 _A894.8123 Q1
100 _aBakkar K K
245 0 _aNanmayude Kathakal
250 _a1st
260 _c2011
_bCurrent Book
500 _aYES
650 _aSketches
_bGeneral
942 _cBK
999 _c198133
_d198133